|
|
|
|
| LEADER |
00000cam a2200000 i 4500 |
| 001 |
1/78331 |
| 008 |
970218s1989 gre d |
| 020 |
|
|
|a 9963-7710-0-9
|
| 035 |
|
|
|a 1992
|b 3
|c Δωρεά
|l 10032896
|
| 040 |
|
|
|a GR-MY-UA
|b gre
|e aacr
|
| 041 |
0 |
|
|a gre
|
| 082 |
0 |
|
|a 889.3
|
| 100 |
1 |
|
|a Σοφοκλέους, Θάσος.
|
| 245 |
1 |
0 |
|a Πόθος ελευθερίας /
|c Θάσου Σοφοκλέους
|
| 260 |
|
|
|a Λευκωσία :
|b [χ.ό.],
|c 1989
|
| 300 |
|
|
|a 253 σ.
|
| 651 |
|
0 |
|a Cyprus
|x History
|y British rule, 1878-1960.
|
| 650 |
|
0 |
|a Greek fiction, Modern
|z Cyprus.
|
| 852 |
|
|
|a INST
|b RHODES
|e 19970218
|h 889.3 ΣΟΦ
|p 005400000036
|q 005400000036
|t BK
|y 0
|
| 909 |
|
|
|a Ρ
|b 022253
|c 1992
|
| 970 |
|
|
|z 2000/06/ΟΙΚΟΝΟΜΟΠΟΥΛΟΥ (SUBJECT)
|